Stamp duty land tax (Record no. 110447)
[ view plain ]
| 000 -LEADER | |
|---|---|
| fixed length control field | 01939cam a22002895a 4500 |
| 001 - CONTROL NUMBER | |
| control field | L149267 |
| 008 - FIXED-LENGTH DATA ELEMENTS--GENERAL INFORMATION | |
| fixed length control field | 100215s2010 xxk f 001 0 eng d |
| 020 ## - INTERNATIONAL STANDARD BOOK NUMBER | |
| International Standard Book Number | 9781846611834 |
| 035 ## - SYSTEM CONTROL NUMBER | |
| System control number | (Sirsi) u149267 |
| 041 0# - LANGUAGE CODE | |
| Language code of text/sound track or separate title | eng |
| 050 04 - LIBRARY OF CONGRESS CALL NUMBER | |
| Classification number | 336.22 $2 18 |
| 100 1# - MAIN ENTRY--PERSONAL NAME | |
| Personal name | Nock, Reg |
| 245 00 - TITLE STATEMENT | |
| Title | Stamp duty land tax |
| 250 ## - EDITION STATEMENT | |
| Edition statement | 3rd ed. |
| 260 ## - PUBLICATION, DISTRIBUTION, ETC. | |
| Place of publication, distribution, etc. | Bristol |
| Name of publisher, distributor, etc. | Jordan Publishing |
| Date of publication, distribution, etc. | 2010 |
| 300 ## - PHYSICAL DESCRIPTION | |
| Extent | xxxi, 1019p. |
| Dimensions | 25cm. |
| 350 ## - PRICE (NR) (BK AM CF MU VM SE) [OBSOLETE] | |
| Price | 75 |
| 505 2# - FORMATTED CONTENTS NOTE | |
| Formatted contents note | Stamp taxes- the general structure -- Stamp duty land tax- gerenal principles and basic issues -- The change to stamp duty land tax -- Chargeable interests -- Computation -- Subsales, assignments and similar arrangements - including leases -- Leases -- Building agreements -- Trusts and estates -- Exemptions and reliefs - general -- Exemptions- corporate reorganisations and intra-group transactions -- Partnerships -- Tax event -- The taxpayer -- Liability and payment -- Notifiable transactions and land transaction tax returns -- Non-notifiable transactions -- HMRC stamp taxes enquiries -- Records -- Information powers -- Registration issues -- Assessments -- Appeals and referrals of questions -- Administration -- Drafting and structuring -- Valuation and related issues. |
| 520 ## - SUMMARY, ETC. | |
| Summary, etc. | This book is up to date with changes to the Stamp duty land tax. It takes on board developments in the Finance Act 2009, and major changes in the fixed stamp duties for land transactions in the Finance Act 2008. It includes the new compliance regime, changes to record keeping, payment and electronic filing and partnerships, an expansion on general antiavoidance provisions and an examination of problems on land and goodwill. |
| 520 ## - SUMMARY, ETC. | |
| Summary, etc. | Supersedes second edition (ISBN 9781846610578). |
| 521 ## - TARGET AUDIENCE NOTE | |
| Target audience note | Advanced |
| 650 24 - SUBJECT ADDED ENTRY--TOPICAL TERM | |
| Topical term or geographic name entry element | STAMP DUTY LAND TAX |
| 651 #4 - SUBJECT ADDED ENTRY--GEOGRAPHIC NAME | |
| Geographic name | England and Wales |
| Chronological subdivision | 1543- |
| 690 ## - LOCAL SUBJECT ADDED ENTRY--TOPICAL TERM (OCLC, RLIN) | |
| Topical term or geographic name as entry element | PROPERTY-PROPERTY TAXATION-STAMP DUTY LAND TAX |
| 942 ## - ADDED ENTRY ELEMENTS (KOHA) | |
| Suppress in OPAC | 0 |
| Withdrawn status | Lost status | Source of classification or shelving scheme | Damaged status | Not for loan | Home library | Current library | Shelving location | Date acquired | Total Checkouts | Full call number | Barcode | Date last seen | Copy number | Price effective from | Koha item type |
|---|---|---|---|---|---|---|---|---|---|---|---|---|---|---|---|
| Dewey Decimal Classification | London | London | Books | 18/05/2010 | 336.22 NOC | 30075423 | 06/08/2019 | 1 | 06/08/2019 | Book |